000 00609nam a2200181 a 4500
008 060424s1980 ||||||||||||||||| || u
020 _a0860958841
050 _aTH 7222 Hal
100 _aHall, Fred
245 1 0 _aHeating, ventilating, and air conditioning
260 _aLancaster, Eng. ;New York :
_bConstruction Press
_c1980
300 _a141 p. : ill.
350 _a0.00
650 _aVENTILATION
650 _aHEATING
650 _aTEXTBOOKS
995 _D0.00
_FCBU-MAIN LIBRARY (Kitwe)
_H1
_I12.50
_UAVAILABLE
_ZMain Library Open Access Collection
999 _c45471
_d45471